Haile Selassie I : Ethiopia's Lion of Judah /

Bibliographic Details
Main Author: Schwab, Peter, 1940-
Format: Book
Language:English
Published: Chicago : Nelson-Hall, [1979]
Subjects:

MARC

Tag First Indicator Second Indicator Subfields
LEADER 00000pam a2200000 i 4500
001 in00000045492
005 20151007073117.0
008 790221s1979 iluaf b 00110beng
010 |a  79009897  
020 |a 0882293427 
035 |a (OCoLC)04775514 
035 |9 AAE9144AM 
040 |a DLC  |c DLC  |d TXA  |d UtOrBLW 
043 |a f-et--- 
049 |a TXAM  |c [1160235] 
050 0 0 |a DT387.7  |b .S372 
082 0 |a 963/.05/0924  |a B 
100 1 |a Schwab, Peter,  |d 1940- 
245 1 0 |a Haile Selassie I :  |b Ethiopia's Lion of Judah /  |c Peter Schwab. 
264 1 |a Chicago :  |b Nelson-Hall,  |c [1979] 
264 4 |c ©1979 
300 |a viii, 192 pages, 6 unnumbered leaves of plates :  |b illustrations ;  |c 23 cm. 
336 |a text  |b txt  |2 rdacontent 
337 |a unmediated  |b n  |2 rdamedia 
338 |a volume  |b nc  |2 rdacarrier 
500 |a Includes index. 
504 |a Bibliography: pages 181-185. 
600 0 0 |a Haile Selassie  |b I,  |c Emperor of Ethiopia,  |d 1892-1975. 
651 0 |a Ethiopia  |x History  |y 1889-1974. 
651 0 |a Ethiopia  |x History  |y Revolution, 1974. 
651 0 |a Ethiopia  |x Kings and rulers  |x Biography. 
999 |a MARS 
999 f f |s f222f9cc-8c96-3e35-b2ec-f3d89ff5ba3f  |i 9d71cb4b-f783-3aa1-b803-33ccf731046c  |t 0 
952 f f |p normal  |a Texas A&M University  |b College Station  |c Sterling C. Evans Library  |d Evans: Library Stacks  |t 0  |e DT387.7 .S372  |h Library of Congress classification  |i unmediated -- volume  |m A14802093103 
998 f f |a DT387.7 .S372  |t 0  |l Evans: Library Stacks